Central Library OPAC University of Rajshahi

ইসলামী আইন শাস্ত্রে 'আব্দুল হাই লক্ষৌভী (র) এর অবদান / (Record no. 79701)

MARC details
000 -LEADER
fixed length control field 01671nam a2200277 a 4500
001 - CONTROL NUMBER
RUCL Control Number 79701
003 - CONTROL NUMBER IDENTIFIER
rucl marc code BD-RjUL
005 - DATE AND TIME OF LATEST TRANSACTION
control field 20230111133732.0
008 - FIXED-LENGTH DATA ELEMENTS--GENERAL INFORMATION
fixed length control field 220417s2010 bg |||| m||| 00| 0 ben d
035 ## - SYSTEM CONTROL NUMBER
system control number (BD-RjUL)79701
040 ## - CATALOGING SOURCE
Original cataloging agency BD-RjUL
Language of cataloging ben / eng
Transcribing agency BD-RjUL
Modifying agency BD-RjUL
041 ## - LANGUAGE CODE
Language code of Book ben
082 ## - DEWEY DECIMAL CLASSIFICATION NUMBER
Classification number 297.1409
Author mark and Year HAI 2010
DDC Edition number 23
100 ## - MAIN ENTRY--PERSONAL NAME
Personal name হানিফা, মো. আবু
9 (RLIN) 2480
245 ## - TITLE STATEMENT
Title ইসলামী আইন শাস্ত্রে 'আব্দুল হাই লক্ষৌভী (র) এর অবদান /
Statement of responsibility, etc মো. আবু হানিফা
Name of Supervisor/Co-Supervisor তত্ত্বাবধায়ক : মুহাম্মদ মাহবুবুর রহমান
260 ## - PUBLICATION, DISTRIBUTION, ETC. (IMPRINT)
Place of publication, distribution, etc রাজশাহী :
Name of publisher, distributor, etc ইসলামিক স্টাডিজ বিভাগ, রাজশাহী বিশ্ববিদ্যালয়,
Date of publication, distribution, etc ২০১০
300 ## - PHYSICAL DESCRIPTION
Pagination [অ-ঈ], ২৮৪ পাতা ;
Dimensions ২৯ সেমি.
502 ## - DISSERTATION NOTE
Dissertation note থিসিস (পিএইচ. ডি.) -- ইসলামিক স্টাডিজ বিভাগ, রাজশাহী বিশ্ববিদ্যালয়, ২০১০
504 ## - BIBLIOGRAPHY, ETC. NOTE
Bibliography, etc গ্রন্থপঞ্জী : পাতা [২৭৩] - ২৮৪
600 ## - SUBJECT ADDED ENTRY--PERSONAL NAME
Personal name লক্ষৌভী, আব্দুল হাই
Dates associated with a name ১৮৪৮ - ১৮৮৭ খ্রী.
General subdivision জীবনী
-- 2485
Personal name Lakhuvi, Abdul Hai
Dates associated with a name 1848 - 1887 AD.
General subdivision Biography
-- 2486
650 ## - SUBJECT ADDED ENTRY--TOPICAL TERM
Topical term or geographic name as entry element ইসলামী আইন
9 (RLIN) 2487
Topical term or geographic name as entry element Islamic law
9 (RLIN) 2488
700 ## - ADDED ENTRY--SUPERVISOR/CO-SUPERVISOR NAME
Personal name রহমান, মুহাম্মদ মাহবুবুর, তত্ত্বাবধায়ক
9 (RLIN) 2489
942 ## - ADDED ENTRY ELEMENTS (KOHA)
Source of classification or shelving scheme Dewey Decimal Classification
Koha item type Theses
Holdings
Source of classification or shelving scheme Damaged status Not for loan Collection code Permanent Location Current Location Shelving location Date of accession Source of acquisition Total Checkouts Full call number Barcode Date last seen Copy number Thesis
Dewey Decimal Classification   Not For Loan Theses Central Library, University of Rajshahi Central Library, University of Rajshahi Documentation Section 06/06/2011 Controller of Exam., R. U.   BTHE 297.1409 HAI 2010 D3253 17/04/2022 C-1 Theses